| 000 | 00562cam a22001577a 4500 | ||
|---|---|---|---|
| 008 | 180718b1989 xxu||||| |||| 00| 0 eng d | ||
| 082 | _aPx669 In8 | ||
| 100 | _aLee, Valerie E. | ||
| 245 |
_aThe effects of single - sex schooling on student achievement and attitudes in Nigeria _cBy Valerie E. Lee and Marlaine E. Lockheed |
||
| 260 |
_aWashington, D.C. _bIBRD _c1989 |
||
| 300 | _a47p. | ||
| 440 | _aPolicy, Planning and Research: Education, and Employment Working Papers | ||
| 650 | _aEducation - Nigeria | ||
| 700 | _aLockheed, Marlaine E. | ||
| 700 | _aIBRD | ||
| 999 |
_c225664 _d225664 |
||